书目信息 |
| 题名: |
国际刑法评论
|
|
| 作者: | 赵秉志 , 卢建平 主编 | |
| 分册: | 第5卷 | |
| 出版信息: | 北京 中国人民公安大学出版社 2010 |
|
| 页数: | 553页 | |
| 开本: | 23cm | |
| 丛书名: | ||
| 单 册: | ||
| 中图分类: | D997.9 | |
| 科图分类: | ||
| 主题词: | 国际刑法--研究 , 国际刑法 | |
| 电子资源: | ||
| ISBN: | 978-7-5653-0000-4 | |
| 000 | 01290nam0 2200277 450 | |
| 001 | 523 | |
| 005 | 20140908111317.56 | |
| 010 | @a978-7-5653-0000-4@dCNY88.00 | |
| 100 | @a20101222d2010 em y0chiy50 ea | |
| 101 | 0 | @achi@aeng |
| 102 | @aCN@b110000 | |
| 105 | @ay z 000yy | |
| 106 | @ar | |
| 200 | 1 | @a国际刑法评论@AGuo Ji Xing Fa Ping Lun@h第5卷@HDi 5 Juan@dChina review of international criminal law@hVolume 5@f赵秉志,卢建平主编@FZhao Bing Zhi, Lu Jian Ping Zhu Bian@zeng |
| 210 | @a北京@c中国人民公安大学出版社@d2010 | |
| 215 | @a553页@d23cm | |
| 300 | @a北京师范大学刑事法律科学研究院 国际刑法学协会中国分会 | |
| 330 | @a本书是由北京师范大学刑事法律科学研究院、国际刑法学协会中国分会负责主持的国际刑事法方面的研究文集,设有“学术论坛”、“国际刑事法院专题”、“反恐专题”、“反腐败专题”、“判例精选”五个栏目,对关系到国际社会共同利益的重大刑事法律问题予以了积极关注和有益探索,对完善我国相关国际刑事法方面的法律法规具有较强的现实指导意义。 | |
| 510 | 1 | @aChina review of international criminal law@hVolume 5@zeng |
| 606 | 0 | @a国际刑法@x研究 |
| 606 | 0 | @a国际刑法 |
| 690 | @aD997.9@v5 | |
| 701 | 0 | @a赵秉志@AZhao Bing Zhi@f(1956~)@4主编 |
| 701 | 0 | @a卢建平@ALu Jian Ping@f(1963.12~)@4主编 |
| 801 | 0 | @aCN@bTANGWEI@c20140603 |
| 905 | @b0841217-19@dD997.9@e135@f3 | |
| 国际刑法评论.第5卷=China review of international criminal law.Volume 5/赵秉志,卢建平主编.-北京:中国人民公安大学出版社,2010 |
| 553页;23cm |
| 北京师范大学刑事法律科学研究院 国际刑法学协会中国分会 |
| ISBN 978-7-5653-0000-4:CNY88.00 |
| 本书是由北京师范大学刑事法律科学研究院、国际刑法学协会中国分会负责主持的国际刑事法方面的研究文集,设有“学术论坛”、“国际刑事法院专题”、“反恐专题”、“反腐败专题”、“判例精选”五个栏目,对关系到国际社会共同利益的重大刑事法律问题予以了积极关注和有益探索,对完善我国相关国际刑事法方面的法律法规具有较强的现实指导意义。 |
| ● |
| 相关链接 |
|
|
|
|
正题名:国际刑法评论
索取号:D997.9/135
 
预约/预借
| 序号 | 登录号 | 条形码 | 馆藏地/架位号 | 状态 | 备注 |
| 1 | 0841217 | 208412172 | 第一样本阅览室/ [索取号:D997.9/135] | 在馆 | |
| 2 | 0841218 | 208412181 | 第一借阅区/ [索取号:D997.9/135] | 在馆 | |
| 3 | 0841219 | 208412190 | 密集书库-史法系/ [索取号:D997.9/135] | 在馆 |